000 01101nam a2200277 a 4500
001 BRCA_4137
005 20190320204546.0
008 140410s1906----u--a######---#000-0#eng-#
041 _aeng
044 _au
050 4 _aF798
_b.M66 1906
100 1 _aMoorehead, Warren K.
_910678
245 1 0 _aA Narrative of Explorations in New Mexico, Arizona, Indiana, etc. Together with a brief History of the Department
_cby Warren K. Moorehead.
260 _aAndover, Massachusetts
_bThe Andover Press
_c1906
300 _a179 p.
_bil.
_c24 cm.
440 0 _aPhillips Academy, Andover, Massachusetts, Department of Archaeology
_vBulletin ; 3
_910679
500 _aAppendix: A brief description of flint ridge by Gerard Fowke (reprinted from Primitive Man in Ohio, Nueva York, 1892
500 _aBoletín inventariado por Banco de México como libro
500 _aEstado físico: Encuadernación deteriorada
500 _aC166
651 4 _aNuevo México
_xAntigüedades
_910680
651 4 _aArizona
_xAntigüedades
_99473
651 4 _aIndiana
_xAntigüedades
_910681
902 _aGFM
942 _2lcc
_cB
999 _c3853
_d3853